Electrificación de Battan, como centro de población rural aislado : proyecto eléctrico
Gardado en:
| Autor Principal: | |
|---|---|
| Formato: | Libro |
| Publicado: |
[San José , Costa Rica]
1974
|
| Materias: | |
| Etiquetas: |
Engadir etiqueta
Sen Etiquetas, Sexa o primeiro en etiquetar este rexistro!
|
MARC
| LEADER | 00000nam a2200000Ia 4500 | ||
|---|---|---|---|
| 003 | 005330 | ||
| 005 | 20221231144325.0 | ||
| 008 | 140114s1974 cr a m 000 ||s d | ||
| 040 | |c cru CEDI | ||
| 090 | |a TFG 2537 | ||
| 100 | |a Salas Leal, Mario G |9 12588 | ||
| 245 | |a Electrificación de Battan, como centro de población rural aislado : proyecto eléctrico | ||
| 260 | |c 1974 |a [San José , Costa Rica] | ||
| 300 | |a 82 hojas ( algunas plegables) : ilustraciones ; 28 cm | ||
| 500 | |a Proyecto de graduación (bachillerato en ingeniería eléctrica)--Universidad de Costa Rica. Facultad de Ingeniería. Escuela de Ingeniería Eléctrica | ||
| 650 | |x ELECTRIFICACION RURAL - BATAAN (MATINA, LIMON, COSTA RICA) |9 12589 | ||
| 942 | |c TFG | ||
| 999 | |c 20170 |d 20170 | ||
